| 000 | 00562ntaaa2200205 4500 | ||
|---|---|---|---|
| 003 | 01 | ||
| 005 | 20251027202816.0 | ||
| 008 | 0714s1973 ag 01 | ||
| 040 |
_aAR-BaBN _bspa _cAR-BaBN _eaacr _dRIC |
||
| 082 | _a909.0700 A17c | ||
| 100 | _aAlphandéry, Paul | ||
| 245 | _aLa cristiandad y el concepto de cruzada | ||
| 250 | _a1 ed. | ||
| 260 |
_aMéxico : _bU.T.E.H.A., _cc1962 |
||
| 300 | _axii, 242 p | ||
| 500 | _aLa historia de las cruzadas y su influencia en la religión. | ||
| 650 |
_acruzadas _921175 |
||
| 700 | _aDupront, Alphonse | ||
| 942 | _cBK | ||
| 999 |
_c23440 _d23440 |
||